Statistiques concernant Les meilleurs pays dans différents sports

Cliquez ici pour prendre le quiz!

Statistiques générales

  • Ce quiz a été pris 178 fois
    (132 depuis la dernière actualisation)
  • Le résultat moyen est 31 sur 36

Statistiques - réponses

Sport Classement Placement Pays % Correct
3La France
100%
Foot masculinThe FIFA/Coca-Cola World Ranking1L'Allemagne
97%
Foot fémininThe FIFA/Coca-Cola Women's World Ranking1Les Etats-Unis
97%
2Le Brésil
95%
Hockey sur glace masculinIIHF World Ranking1Le Canada
94%
Criquet fémininICC Women's Ranking1L'Australie
90%
3La Nouvelle-Zélande
88%
2L'Espagne
87%
2La Russie
86%
3La Suède
86%
Criquet masculinICC Test Championship1L'Inde
83%
2Angleterre
83%
3La Belgique
79%
3La Norvège
78%
3La Finlande
74%
Volley-ball fémininFIVB World Rankings1La Chine
71%
2La Suisse
57%
3La Pologne
54%
2L'Afrique du Sud
51%
3La Serbie
43%

Distribution des résultats

Percentile par nombre de réponses

% des personnes avec chaque résultat

Votre développement - résultats

Vous n’avez pas pris ce quiz depuis la dernière actualisation